Страна поднимается: роман; рассказы; пер. с вьет.; Выжженный край; Сын; Высоко в горах; Героиня; Моя названая сестра; Лес сану; Пон

ग्रंथसूची विवरण
मुख्य लेखक: Нгуен Нгок
अन्य लेखक: Руденко Е. (редактор)
सारांश:Эти романы, написанные один в 1955, другой в 1977 г., объединяет тема борьбы вьетнамского народа против иноземных захватчиков. Оба произведения отличает не просто показ народного героизма и самопожертвования, но и глубокое проникновение в судьбы людей, их сложные, меняющиеся в годину испытаний характеры. В книгу вошли также рассказы Нгуен Нгока.
भाषा:रूसी
प्रकाशित: Москва, Радуга, 1983
Copublished:. Выжженный край
TOC:Сын; Высоко в горах; Героиня; Моя названая сестра; Лес сану; Пон;
श्रृंखला:Библиотека вьетнамской литературы
विषय:
स्वरूप: पुस्तक
KOHA link:https://koha.lib.tpu.ru/cgi-bin/koha/opac-detail.pl?biblionumber=359807

MARC

LEADER 00000nam0a2200000 4500
001 359807
005 20231102011224.0
035 |a (RuTPU)RU\TPU\retro\17112 
090 |a 359807 
100 |a 20210114d1983 m y0rusy50 ca 
101 1 |a rus  |c vie 
102 |a RU 
105 |a c z 000ay 
200 1 |a Страна поднимается  |e роман  |e рассказы  |e пер. с вьет.  |f Нгуен Нгок  |g под ред. Е. Руденко 
210 |a Москва  |c Радуга  |d 1983 
215 |a 511 с.  |c портр. 
225 1 |a Библиотека вьетнамской литературы 
330 |a Эти романы, написанные один в 1955, другой в 1977 г., объединяет тема борьбы вьетнамского народа против иноземных захватчиков. Оба произведения отличает не просто показ народного героизма и самопожертвования, но и глубокое проникновение в судьбы людей, их сложные, меняющиеся в годину испытаний характеры. В книгу вошли также рассказы Нгуен Нгока. 
423 |t Выжженный край  |o роман 
464 |t Сын; Высоко в горах; Героиня; Моя названая сестра; Лес сану; Пон  |o рассказы 
606 1 |a Вьетнамская литература  |2 stltpush  |3 (RuTPU)RU\TPU\subj\4500  |9 32767 
610 1 |a художественная литература 
610 1 |a вьетнамская литература 
610 1 |a романы 
610 1 |a рассказы 
675 |a 895.27  |v 4 
700 0 |a Нгуен Нгок 
702 1 |a Руденко  |b Е.  |4 340 
801 1 |a RU  |b 63413507  |c 20210114 
801 2 |a RU  |b 63413507  |c 20220120  |g RCR 
942 |c BK